Monatschrift der Handelskammer zu Düsseldorf. (Record no. 91474)

MARC details
000 -LEADER
fixed length control field 00446cam a2200169u 4500
001 - CONTROL NUMBER
control field unk83065157
003 - CONTROL NUMBER IDENTIFIER
control field DLC
005 - DATE AND TIME OF LATEST TRANSACTION
control field 20260227112800.0
008 - FIXED-LENGTH DATA ELEMENTS--GENERAL INFORMATION
fixed length control field 840106q xx 000 0 ger
010 ## - LIBRARY OF CONGRESS CONTROL NUMBER
LC control number unk83065157
040 ## - CATALOGING SOURCE
Original cataloging agency DLC
Transcribing agency CarP
Modifying agency DLC
050 00 - LIBRARY OF CONGRESS CALL NUMBER
Classification number HF308
Item number .D95
110 2# - MAIN ENTRY--CORPORATE NAME
Corporate name or jurisdiction name as entry element Industrie- und Handelskammer Düsseldorf.
245 10 - TITLE STATEMENT
Title Monatschrift der Handelskammer zu Düsseldorf.
260 ## - PUBLICATION, DISTRIBUTION, ETC.
Place of publication, distribution, etc. Dusseldorf.
Date of publication, distribution, etc. [19-]
300 ## - PHYSICAL DESCRIPTION
Extent v.
Other physical details cm.

No items available.

Powered by Koha